|
|
|
|
| LEADER |
02338nkm a2200481 a 4500 |
| 001 |
mzk03001048672 |
| 003 |
CZ BrMZK |
| 005 |
20100921100914.0 |
| 007 |
kj bo| |
| 008 |
070418s1630 it ||| f || k|itaod |
| 040 |
|
|
|a BOA001
|b cze
|
| 072 |
|
7 |
|a 76
|x Grafické umění. Grafika
|2 Konspekt
|9 21
|
| 080 |
|
|
|a (0.026.6)76
|2 MRF
|
| 080 |
|
|
|a 912.43:069.5
|2 MRF
|
| 100 |
1 |
|
|a Magini, Giovanni Antonio,
|d 1555-1617
|7 mzk2008453543
|4 aut
|
| 245 |
1 |
0 |
|a [Italia]
|h [grafika],
|p Nvmero delle Tavole /
|c D. Homobonus Cler. Reg. S. Pauli, pro Illustirss. Card. Archiepisc. Bonon. Imprimatur. Vicarius Sanctae Inquisitionis Bonon ; [di Gio: Ant. Magini Data in luce Da Fabio suo Figliuolo Al Serenissimo Ferdinando Gonzaga Duca Di Mantoua edi Monferrato etc.]
|
| 246 |
3 |
0 |
|a Nvmero delle Tavole
|h [grafika]
|
| 260 |
|
|
|a In Bologna :
|b Presso Clemente Ferroni,
|c 1630
|
| 300 |
|
|
|a 1 grafický list :
|b tisk, podlepený papírem ;
|c 39,5 x 28 cm
|
| 500 |
|
|
|a List z pozdějšího vydání přivázán k popisu Itálie z "Italia" 1620
|
| 500 |
|
|
|a Listy ze souboru uloženého pod signaturami Moll-0002.470,1 až Moll-0002.470,4
|
| 500 |
|
|
|a Podlepeno papírem o velikosti 56 x 64 cm
|
| 500 |
|
|
|a Výzdoba: U horního okraje rostlinný vlys, text tištěn do sloupců
|
| 501 |
|
|
|a Obsahuje: Přívazek stejného titulu 2. díl
|
| 510 |
3 |
|
|a BNF
|
| 510 |
4 |
|
|a Kuchař, K. Mapová sbírka B.P. Molla,
|c s. 278
|
| 655 |
|
7 |
|a grafické listy
|7 fd132404
|2 czenas
|
| 650 |
0 |
4 |
|a Mollova mapová sbírka
|
| 650 |
0 |
7 |
|a mapové sbírky
|z Česko
|7 ph182407
|2 czenas
|
| 610 |
2 |
7 |
|a Moravská zemská knihovna (Brno, Česko).
|b Mapová sbírka B.P. Molla
|7 mzk2005304487
|2 czenas
|
| 700 |
1 |
|
|a Ferroni, Clemente
|d zemř. 1642
|4 pbl
|
| 700 |
1 |
|
|a Magini, Fabio,
|d činný 1620-1650
|7 mzk2008453540
|4 pbl
|
| 700 |
1 |
|
|a Gonzaga, Ferdinando,
|c vévoda mantovský,
|d 1587-1626
|4 dte
|
| 856 |
4 |
1 |
|u http://mapy.mzk.cz/mzk03/001/048/672/2619269756_01
|y Digitalizovaný dokument
|
| 856 |
4 |
1 |
|u http://mapy.mzk.cz/mzk03/001/048/672/2619269756_02
|y Digitalizovaný dokument
|
| 903 |
|
|
|a RP
|
| 910 |
|
|
|a BOA001
|b Moll-0002.470,3
|
| 978 |
|
|
|b Ferroni, Clemente
|a Bologna
|c 1630
|
| 984 |
|
|
|a Bologna
|b Itálie
|
| 985 |
|
|
|a 1601-1650
|
| 990 |
|
|
|a GP
|
| 991 |
|
|
|k mzk
|
| 994 |
|
|
|a DN
|l MZK03
|b 001048675
|m záznam 1. díla (pro objednání pokračujte kliknutím)
|n přívazek
|